Indovina la nazione dal pilota di f1 parte 1 - Statistics

Statistiche generali
  • Questo quiz è stato fatto 213 volte
  • Il punteggio medio è 17 su 20
Statistiche sulle risposte
PERSONAGGIO FAMOSO NAZIONE % Corretto
Carlos Sainz Spagna
98%
Yuki Tsunoda Giappone
97%
Giancarlo Fisichella Italia
97%
Romain Grosjean Francia
96%
Nico Hulkenberg Germania
96%
Pascal Wehrlein Germania/Mauritius
96%
Mika Hakkinen Finlandia
92%
Daniel Ricciardo Australia
91%
Kevin Magnussen Danimarca
89%
Danil Kvyat Russia
89%
Felipe Nasr Brasile
86%
Gilles Villenueve Canada
86%
Max Chilton Regno Unito
86%
Marcus Ericsson Svezia
86%
Robert Kubica Polonia
84%
Stoffel Vandoorne Belgio
83%
Esteban Gutierrez Messico
83%
Alexander Albon Thailandia
72%
Pastor Maldonado Venezuela
66%
Rio Haryanto Indonesia
45%
Nessun quiz corrispondente trovato
Distribuzione punteggi
Percentuale di utenti per punteggio
Percentile per numero di risposta
I tuoi punteggi nel tempo
Non hai fatto questo quiz